[Event "Victoria op"]
[Site "Melbourne"]
[Date "2018.06.10"]
[Round "4"]
[White "Soetanto, Brandon"]
[Black "Guo, Emma"]
[Result "0-1"]
[WhiteElo "1604"]
[BlackElo "2078"]
[PlyCount "36"]
[EventDate "2018.06.08"]
[EventType "swiss"]
[EventRounds "7"]
[EventCountry "AUS"]
[SourceTitle "CBM 184 Extra"]
[Source "ChessBase"]
[SourceDate "2018.06.28"]
[SourceVersion "1"]
[SourceVersionDate "2018.06.28"]
[SourceQuality "1"]

1. e4 e5 2. Nf3 Nc6 3. Bb5 f5 4. Nc3 fxe4 5. Nxe4 Nf6 6. Qe2 d5 7. Nxf6+ gxf6 8. Nxe5 fxe5 9. Qh5+ Kd7 10. 0-0 Qe8 11. Qf3 Qe6 12. Re1 Bc5 13. Qg3 Rg8 14. Qxe5 Qxe5 15. Rxe5 Kd6 16. Rh5 Rf8 17. b3 Rxf2 18. Rh6+ Rf6+ 0-1

[Event "Bangkok Cha Am op 18th"]
[Site "Bangkog"]
[Date "2018.04.17"]
[Round "5"]
[White "Nouri, Alekhine"]
[Black "Guo, Emma"]
[Result "0-1"]
[WhiteElo "1883"]
[BlackElo "2092"]
[PlyCount "92"]
[EventDate "2018.04.13"]
[EventType "swiss"]
[EventRounds "9"]
[EventCountry "THA"]
[SourceTitle "CBM 184 Extra"]
[Source "ChessBase"]
[SourceDate "2018.06.28"]
[SourceVersion "1"]
[SourceVersionDate "2018.06.28"]
[SourceQuality "1"]

1. e4 e5 2. Nf3 Nc6 3. Bb5 f5 4. d3 fxe4 5. dxe4 Nf6 6. Bxc6 bxc6 7. Nxe5 Qe7 8. Nd3 Qxe4+ 9. Qe2 Bd6 10. Nc3 Qxe2+ 11. Nxe2 Ba6 12. Bd2 0-0 13. 0-0 Rae8 14. Nc3 Ng4 15. h3 Ne5 16. Nxe5 Bxf1 17. Nxd7 Rf7 18. Rxf1 Rxd7 19. Be3 Be5 20. Na4 Bd4 21. Nc5 Rd5 22. Na6 Bxe3 23. Nxc7 Bxf2+ 24. Rxf2 Re1+ 25. Kh2 Rde5 26. b4 R5e2 27. Rf5 Rxc2 28. a4 Ree2 29. Rg5 h6 30. Rg4 h5 31. Rg5 h4 32. b5 Kh7 33. Rg4 g5 34. Rxg5 Kh6 35. Rg4 Kh5 36. bxc6 Re5 37. Nb5 Re1 38. Nd4 Rcc1 39. g3 Rh1+ 40. Kg2 Rhg1+ 41. Kf2 hxg3+ 42. Rxg3 Rxg3 43. Kxg3 Rc4 44. c7 Rxc7 45. Nb5 Rd7 46. Kf4 a6 0-1

[Event "Bangkok Cha Am op 18th"]
[Site "Bangkog"]
[Date "2018.04.16"]
[Round "4"]
[White "Guo, Emma"]
[Black "Swapnil, S Dhopade"]
[Result "0-1"]
[WhiteElo "2092"]
[BlackElo "2526"]
[PlyCount "84"]
[EventDate "2018.04.13"]
[EventType "swiss"]
[EventRounds "9"]
[EventCountry "THA"]
[SourceTitle "CBM 184 Extra"]
[Source "ChessBase"]
[SourceDate "2018.06.28"]
[SourceVersion "1"]
[SourceVersionDate "2018.06.28"]
[SourceQuality "1"]

1. d4 Nf6 2. Nf3 c5 3. d5 e6 4. Nc3 exd5 5. Nxd5 Nxd5 6. Qxd5 Nc6 7. e4 Be7 8. Bc4 0-0 9. Bf4 b5 10. Be2 Qb6 11. 0-0 d6 12. Rfd1 Be6 13. Qh5 Rad8 14. c3 f6 15. Nh4 Ne5 16. Nf5 Rfe8 17. Bxe5 fxe5 18. Rd3 Bf7 19. Qg4 Bg6 20. Rad1 Bf8 21. h4 c4 22. Rd5 a6 23. h5 Bxf5 24. exf5 Kh8 25. Bf3 Be7 26. f6 Bxf6 27. Be4 Rf8 28. R1d2 Be7 29. Re2 Rf6 30. Rdd2 Qc7 31. Re3 Rdf8 32. Rg3 Bd8 33. Kf1 Rf4 34. Qe2 Qe7 35. f3 Qh4 36. Rh3 Rxe4 37. Qd1 Qg5 38. Rxd6 Ref4 39. h6 R4f7 40. hxg7+ Rxg7 41. Qc2 e4 42. Rdh6 Rxf3+ 0-1

[Event "Bangkok Cha Am op 18th"]
[Site "Bangkog"]
[Date "2018.04.14"]
[Round "2"]
[White "Guo, Emma"]
[Black "Tanmay, Jain"]
[Result "1-0"]
[WhiteElo "2092"]
[BlackElo "1804"]
[PlyCount "117"]
[EventDate "2018.04.13"]
[EventType "swiss"]
[EventRounds "9"]
[EventCountry "THA"]
[SourceTitle "CBM 184 Extra"]
[Source "ChessBase"]
[SourceDate "2018.06.28"]
[SourceVersion "1"]
[SourceVersionDate "2018.06.28"]
[SourceQuality "1"]

1. d4 Nf6 2. Nf3 e6 3. g3 b6 4. Bg2 Bb7 5. 0-0 d5 6. c4 Be7 7. Ne5 0-0 8. Nc3 Nbd7 9. Qa4 c5 10. Nxd7 Nxd7 11. cxd5 cxd4 12. Qxd4 Bf6 13. Qd1 Bxc3 14. dxe6 Bxg2 15. Kxg2 fxe6 16. bxc3 Qc7 17. Ba3 Rfd8 18. Qb3 Qc6+ 19. Kg1 Ne5 20. Rfd1 Nc4 21. Be7 Re8 22. Bh4 Rac8 23. Rd4 Na5 24. Qd1 Qxc3 25. Rd7 Rc7 26. Rd8 Rc8 27. Rxe8+ Rxe8 28. Rc1 Qe5 29. Qd7 Ra8 30. Rc7 h6 31. Be7 Kh8 32. Bb4 Qf6 33. Bc3 e5 34. f4 Rd8 35. Qf7 Qxf7 36. Rxf7 Nc4 37. fxe5 Re8 38. e6 Rxe6 39. Rxg7 Re3 40. Bd4 Re4 41. Rg4+ Rxd4 42. Rxd4 b5 43. a4 a6 44. axb5 axb5 45. Rd7 Na3 46. Rb7 h5 47. e4 Kg8 48. e5 Kf8 49. e6 Ke8 50. h3 Nc4 51. Rxb5 Ke7 52. Rxh5 Kxe6 53. Rc5 Ne5 54. Rxe5+ Kxe5 55. Kf2 Ke4 56. h4 Kf5 57. Kf3 Kg6 58. Kf4 Kh7 59. Kf5 1-0

[Event "Doeberl Cup 56th"]
[Site "Canberra"]
[Date "2018.04.01"]
[Round "8"]
[White "Guo, Emma"]
[Black "Bennett, Hilton Petrie"]
[Result "1-0"]
[WhiteElo "2092"]
[BlackElo "1911"]
[PlyCount "39"]
[EventDate "2018.03.29"]
[EventType "swiss"]
[EventRounds "9"]
[EventCountry "AUS"]
[SourceTitle "EXT 2023"]
[Source "ChessBase"]
[SourceDate "2022.10.05"]
[SourceVersion "1"]
[SourceVersionDate "2022.10.05"]
[SourceQuality "1"]

1. d4 Nf6 2. c4 g6 3. Nc3 Bg7 4. e4 d6 5. h3 0-0 6. Bg5 Na6 7. Bd3 Qe8 8. Nge2 e5 9. d5 Nc5 10. Bc2 a5 11. Qd2 Nh5 12. g4 Nf4 13. Nxf4 exf4 14. 0-0-0 Bd7 15. Bxf4 b5 16. cxb5 Bxb5 17. Bh6 Bd3 18. Bxg7 Bxc2 19. Qh6 Bxd1 20. Bf6 1-0

[Event "Doeberl Cup 56th"]
[Site "Canberra"]
[Date "2018.03.31"]
[Round "6"]
[White "Guo, Emma"]
[Black "Mallari, Donato"]
[Result "0-1"]
[WhiteElo "2092"]
[BlackElo "1966"]
[PlyCount "102"]
[EventDate "2018.03.29"]
[EventType "swiss"]
[EventRounds "9"]
[EventCountry "AUS"]
[SourceTitle "EXT 2023"]
[Source "ChessBase"]
[SourceDate "2022.10.05"]
[SourceVersion "1"]
[SourceVersionDate "2022.10.05"]
[SourceQuality "1"]

1. d4 Nf6 2. Nf3 g6 3. Bf4 Bg7 4. e3 d6 5. h3 0-0 6. Be2 c5 7. c3 Qb6 8. Qb3 Be6 9. Qxb6 axb6 10. a3 Nc6 11. Nbd2 h6 12. 0-0 d5 13. Ne5 Rfc8 14. Rfc1 Nd7 15. Nxc6 bxc6 16. Nf3 f6 17. Nd2 Bf7 18. b4 e5 19. Bg3 c4 20. a4 Ra7 21. Ra2 Rca8 22. Rca1 exd4 23. exd4 f5 24. Bd6 Nf6 25. Be5 Ne4 26. Nxe4 Bxe5 27. Nd2 Bc7 28. Nf3 g5 29. Bd1 Kg7 30. Re2 Re8 31. Raa2 Kf6 32. Kf1 Raa8 33. Rxe8 Bxe8 34. g3 g4 35. hxg4 fxg4 36. Ne5 h5 37. f3 Bxe5 38. dxe5+ Kxe5 39. fxg4 hxg4 40. Bxg4 Bg6 41. Kf2 c5 42. bxc5 bxc5 43. a5 Rf8+ 44. Ke1 d4 45. cxd4+ cxd4 46. a6 d3 47. a7 Be4 48. Ra5+ Kd4 49. Bf5 Bd5 50. Be6 Bg2 51. Ra4 Ke3 0-1

[Event "London Classic op"]
[Site "London"]
[Date "2017.12.04"]
[Round "4"]
[White "Rushbrooke, Remy"]
[Black "Guo, Emma"]
[Result "0-1"]
[WhiteElo "1864"]
[BlackElo "2081"]
[PlyCount "50"]
[EventDate "2017.12.02"]
[EventType "swiss"]
[EventRounds "9"]
[EventCountry "ENG"]
[SourceTitle "CBM 182 Extra"]
[Source "ChessBase"]
[SourceDate "2018.02.23"]
[SourceVersion "1"]
[SourceVersionDate "2018.02.23"]
[SourceQuality "1"]

1. e4 e5 2. Nf3 Nc6 3. Nc3 Nf6 4. d4 exd4 5. Nd5 Be7 6. Bc4 0-0 7. 0-0 d6 8. Nxd4 Ne5 9. Bb3 Nxd5 10. Bxd5 Bf6 11. f3 c6 12. Bb3 c5 13. Nb5 c4 14. Ba4 a6 15. Nxd6 Qb6+ 16. Kh1 Rd8 17. f4 Bg4 18. Qe1 Qxd6 19. fxe5 Bxe5 20. c3 Bxh2 21. Bg5 Bg3 22. e5 Qd3 23. Qc1 Qg6 24. Rf3 Qh5+ 25. Kg1 Qh2+ 0-1

[Event "Douglas IoM op"]
[Site "Douglas"]
[Date "2016.10.08"]
[Round "8"]
[White "Guo, Emma"]
[Black "Lorscheid, Gerhard"]
[Result "1/2-1/2"]
[WhiteElo "2018"]
[BlackElo "2238"]
[PlyCount "60"]
[EventDate "2016.10.01"]
[EventType "swiss"]
[EventRounds "9"]
[EventCountry "IOM"]
[SourceTitle "EXT 2017"]
[Source "ChessBase"]
[SourceDate "2016.10.25"]
[SourceVersion "1"]
[SourceVersionDate "2016.10.25"]
[SourceQuality "1"]

1. d4 Nf6 2. Nf3 g6 3. Bf4 c5 4. e3 Bg7 5. c3 b6 6. h3 0-0 7. Be2 Bb7 8. 0-0 d6 9. Bh2 Nbd7 10. a4 a6 11. Nbd2 Qc7 12. Qb3 Rac8 13. Rfd1 Qb8 14. Rac1 Qa8 15. Bf1 Bc6 16. Ra1 Qb7 17. c4 cxd4 18. exd4 d5 19. Ne5 dxc4 20. Ndxc4 Bd5 21. Qb4 Rfe8 22. Ne3 Nb8 23. Nxd5 Nxd5 24. Qb3 Bh6 25. Bc4 Red8 26. Qf3 e6 27. Bxd5 Rxd5 28. Ng4 Bg7 29. Be5 f5 30. Ne3 Rd7 1/2-1/2

[Event "Douglas IoM op"]
[Site "Douglas"]
[Date "2016.10.06"]
[Round "6"]
[White "Guo, Emma"]
[Black "Player, Edmund C"]
[Result "0-1"]
[WhiteElo "2018"]
[BlackElo "2227"]
[PlyCount "88"]
[EventDate "2016.10.01"]
[EventType "swiss"]
[EventRounds "9"]
[EventCountry "IOM"]
[SourceTitle "EXT 2017"]
[Source "ChessBase"]
[SourceDate "2016.10.25"]
[SourceVersion "1"]
[SourceVersionDate "2016.10.25"]
[SourceQuality "1"]

1. e4 e6 2. d4 d5 3. Nd2 Be7 4. Bd3 c5 5. e5 Nh6 6. c3 Nc6 7. Ne2 cxd4 8. cxd4 f6 9. Nf3 Nf7 10. 0-0 0-0 11. Bf4 Kh8 12. a3 fxe5 13. Nxe5 Nfxe5 14. dxe5 Qe8 15. Bg3 Bd7 16. Rc1 Rc8 17. b4 Bd8 18. Bb1 Bb6 19. Kh1 Qh5 20. Qd3 Ne7 21. Nd4 Rxc1 22. Rxc1 Nc6 23. Nxc6 Bxc6 24. b5 Be8 25. Rc8 Kg8 26. h3 Bg6 27. Rxf8+ Kxf8 28. Qb3 Bxb1 29. Qxb1 h6 30. Qc1 Qe8 31. a4 Qd7 32. a5 Bd8 33. Qa3+ Be7 34. Qb3 Qc7 35. a6 Bc5 36. Kg1 Qb6 37. axb7 Qxb7 38. Qa4 Qb6 39. Kf1 Kg8 40. Bh4 Bd4 41. Bg3 Qc5 42. Kg1 Qc3 43. Qa6 Qxg3 44. Qxe6+ Kh7 0-1

[Event "Douglas IoM op"]
[Site "Douglas"]
[Date "2016.10.05"]
[Round "5"]
[White "Guo, Emma"]
[Black "Tiwari, Aswani"]
[Result "1/2-1/2"]
[WhiteElo "2018"]
[BlackElo "2090"]
[PlyCount "124"]
[EventDate "2016.10.01"]
[EventType "swiss"]
[EventRounds "9"]
[EventCountry "IOM"]
[SourceTitle "EXT 2017"]
[Source "ChessBase"]
[SourceDate "2016.10.25"]
[SourceVersion "1"]
[SourceVersionDate "2016.10.25"]
[SourceQuality "1"]

1. d4 f5 2. Nc3 d5 3. Bf4 Nf6 4. e3 e6 5. Nf3 Bd6 6. Ne5 0-0 7. Bd3 Nbd7 8. Nxd7 Bxd7 9. Ne2 Ne4 10. 0-0 Qe7 11. c4 c6 12. c5 Bb8 13. b4 e5 14. dxe5 g5 15. e6 gxf4 16. exd7 fxe3 17. fxe3 Be5 18. Nd4 Qxd7 19. Qh5 Bxd4 20. exd4 Qg7 21. Kh1 Qxd4 22. Qf3 Rae8 23. Rad1 Ng5 24. Qg3 Qg4 25. Bxf5 Qxg3 26. hxg3 Re5 27. g4 h5 28. a3 Ne4 29. Bxe4 Rxe4 30. gxh5 Rxf1+ 31. Rxf1 Rh4+ 32. Kg1 Rxh5 33. Rf3 Re5 34. Kf2 Kg7 35. a4 Re4 36. Rb3 a6 37. Kf3 Kg6 38. Rb1 Kf5 39. g3 Ke5 40. g4 Kf6 41. b5 axb5 42. axb5 Rc4 43. bxc6 bxc6 44. Rh1 Rxc5 45. Rh6+ Kg5 46. Rh5+ Kg6 47. Rh8 Rc4 48. Rd8 Kg5 49. Rg8+ Kf6 50. Rh8 Kg7 51. Rd8 Kf7 52. Rh8 c5 53. Rd8 Rd4 54. Rc8 c4 55. Rc6 Rd3+ 56. Kf4 c3 57. Kf5 Ke7 58. g5 Kd7 59. Rc5 Kd6 60. Rc8 Kd7 61. Rc5 Kd6 62. Rc8 Kd7 1/2-1/2

[Event "Douglas IoM op"]
[Site "Douglas"]
[Date "2016.10.03"]
[Round "3"]
[White "Osmanodja, Filiz"]
[Black "Guo, Emma"]
[Result "1-0"]
[WhiteElo "2299"]
[BlackElo "2018"]
[PlyCount "59"]
[EventDate "2016.10.01"]
[EventType "swiss"]
[EventRounds "9"]
[EventCountry "IOM"]
[SourceTitle "EXT 2017"]
[Source "ChessBase"]
[SourceDate "2016.10.25"]
[SourceVersion "1"]
[SourceVersionDate "2016.10.25"]
[SourceQuality "1"]

1. e4 e5 2. Nf3 Nc6 3. Bb5 a6 4. Ba4 Nf6 5. 0-0 Nxe4 6. d4 b5 7. Bb3 d5 8. dxe5 Be6 9. Be3 Be7 10. c3 0-0 11. Nbd2 Bg4 12. Nxe4 dxe4 13. Qd5 Qxd5 14. Bxd5 exf3 15. Bxc6 fxg2 16. Kxg2 Rab8 17. b4 Be2 18. Rfe1 Bc4 19. a4 bxa4 20. Rxa4 Bb5 21. Bxb5 Rxb5 22. Rxa6 Rxe5 23. Rea1 Rb5 24. Ra8 f5 25. Bf4 c5 26. Rxf8+ Kxf8 27. Ra5 Rb6 28. b5 Bd8 29. Ra8 Ke7 30. Bg5+ 1-0

[Event "Douglas IoM op"]
[Site "Douglas"]
[Date "2016.10.02"]
[Round "2"]
[White "Guo, Emma"]
[Black "Gungl, Theo"]
[Result "1/2-1/2"]
[WhiteElo "2018"]
[BlackElo "2257"]
[PlyCount "81"]
[EventDate "2016.10.01"]
[EventType "swiss"]
[EventRounds "9"]
[EventCountry "IOM"]
[SourceTitle "EXT 2017"]
[Source "ChessBase"]
[SourceDate "2016.10.25"]
[SourceVersion "1"]
[SourceVersionDate "2016.10.25"]
[SourceQuality "1"]

1. d4 Nf6 2. Bf4 g6 3. e3 Bg7 4. Nf3 d6 5. h3 0-0 6. Be2 b6 7. 0-0 Bb7 8. c4 Ne4 9. Nbd2 e5 10. Bh2 Nxd2 11. Qxd2 e4 12. Ne1 Nd7 13. Rc1 Qf6 14. b4 c6 15. Nc2 Rac8 16. Na1 Rfd8 17. Nb3 Qe7 18. Rfd1 c5 19. a3 f5 20. Qe1 cxd4 21. Nxd4 Ne5 22. Qd2 Ba6 23. Nb5 Bxb5 24. Qd5+ Nf7 25. cxb5 Rxc1 26. Rxc1 Be5 27. Bc4 Bxh2+ 28. Kxh2 Rd7 29. Rd1 Kg7 30. Kg1 Ne5 31. Qd4 Kh6 32. Bd5 Nd3 33. f3 Qh4 34. fxe4 Nf2 35. exf5 Qg3 36. Rc1 Nxh3+ 37. Kh1 Nf2+ 38. Kg1 Nh3+ 39. Kh1 Nf2+ 40. Kg1 Nh3+ 41. Kh1 1/2-1/2

[Event "Olympiad Women-42"]
[Site "Baku"]
[Date "2016.09.12"]
[Round "10.3"]
[White "Putri, Regita Desyari"]
[Black "Guo, Emma"]
[Result "1-0"]
[WhiteElo "1623"]
[BlackElo "2035"]
[PlyCount "71"]
[EventDate "2016.09.02"]
[EventType "team-swiss"]
[EventRounds "11"]
[EventCountry "AZE"]
[SourceTitle "CBM 174 Extra"]
[Source "ChessBase"]
[SourceDate "2016.10.10"]
[SourceVersion "1"]
[SourceVersionDate "2016.10.10"]
[SourceQuality "1"]
[WhiteTeam "Indonesia (W)"]
[BlackTeam "Australia (W)"]
[WhiteTeamCountry "INA"]
[BlackTeamCountry "AUS"]

1. e4 d5 2. exd5 Nf6 3. d4 Bg4 4. Nf3 Qxd5 5. Be2 Nc6 6. 0-0 0-0-0 7. Be3 Qf5 8. c3 e5 9. Nbd2 h5 10. Re1 Bxf3 11. Nxf3 Ng4 12. Bc4 Bd6 13. h3 Nxe3 14. Rxe3 g5 15. Qb1 Qf6 16. dxe5 Bxe5 17. Bb5 Bf4 18. Re1 g4 19. Bxc6 bxc6 20. Nd4 Rxd4 21. cxd4 gxh3 22. Qd3 hxg2 23. Qh3+ Kd8 24. Rad1 h4 25. Rd3 Rg8 26. Rb3 Bh2+ 27. Qxh2 Kd7 28. Qe5 Qxe5 29. dxe5 Ke6 30. Rf3 c5 31. Rf6+ Ke7 32. Rc6 Kd7 33. Rxc5 Ke6 34. Rc4 Rh8 35. Kxg2 Kf5 36. Kh3 1-0

[Event "Olympiad Women-42"]
[Site "Baku"]
[Date "2016.09.10"]
[Round "8.2"]
[White "Bakri, Alia Anin Azwa"]
[Black "Guo, Emma"]
[Result "0-1"]
[WhiteElo "1923"]
[BlackElo "2035"]
[PlyCount "78"]
[EventDate "2016.09.02"]
[EventType "team-swiss"]
[EventRounds "11"]
[EventCountry "AZE"]
[SourceTitle "CBM 174 Extra"]
[Source "ChessBase"]
[SourceDate "2016.10.10"]
[SourceVersion "1"]
[SourceVersionDate "2016.10.10"]
[SourceQuality "1"]
[WhiteTeam "Malaysia (W)"]
[BlackTeam "Australia (W)"]
[WhiteTeamCountry "MAS"]
[BlackTeamCountry "AUS"]

1. d4 Nf6 2. c4 c5 3. d5 b5 4. cxb5 a6 5. b6 d6 6. Nc3 Nbd7 7. e4 g6 8. Nf3 Bg7 9. Be2 0-0 10. 0-0 Nxb6 11. Nd2 a5 12. Na4 Ba6 13. Nxb6 Qxb6 14. Rb1 Rfb8 15. Re1 Bxe2 16. Qxe2 Qa6 17. Nc4 a4 18. Bd2 Nd7 19. f4 Nb6 20. Na5 Kf8 21. Kf1 Qxe2+ 22. Kxe2 Ra6 23. b4 axb3 24. axb3 Rba8 25. Nc4 Nxc4 26. bxc4 Ra2 27. Rb3 e5 28. fxe5 Bxe5 29. Kd3 Ra1 30. Rxa1 Rxa1 31. Bh6+ Ke7 32. Bg5+ f6 33. Rb7+ Ke8 34. Bd2 h5 35. Rb8+ Kd7 36. Bc3 Ra3 37. Rb7+ Kc8 38. Rg7 Rxc3+ 39. Kd2 g5 0-1

[Event "Doeberl Cup 54th"]
[Site "Canberra"]
[Date "2016.03.24"]
[Round "2"]
[White "Mallari, Donato"]
[Black "Guo, Emma"]
[Result "0-1"]
[WhiteElo "1950"]
[BlackElo "2041"]
[PlyCount "94"]
[EventDate "2016.03.24"]
[EventType "swiss"]
[EventRounds "9"]
[EventCountry "AUS"]
[SourceTitle "EXT 2018"]
[Source "ChessBase"]
[SourceDate "2017.10.13"]
[SourceVersion "1"]
[SourceVersionDate "2017.10.13"]
[SourceQuality "1"]

1. c4 Nf6 2. Nc3 c5 3. Nf3 Nc6 4. g3 g6 5. Bg2 Bg7 6. 0-0 0-0 7. d4 cxd4 8. Nxd4 Qa5 9. Nc2 d6 10. Bd2 Qh5 11. Rc1 Bh3 12. Bxh3 Qxh3 13. f3 Ne5 14. b3 Neg4 15. fxg4 Nxg4 16. Rf2 Nxf2 17. Kxf2 Qxh2+ 18. Kf3 Be5 19. Qe1 f5 20. Qf2 f4 21. Qxh2 fxg3+ 22. Kg4 gxh2 23. Ne4 Rf7 24. Bh6 Rf5 25. Rh1 Rh5 26. Be3 Rc8 27. Nb4 e6 28. Ng5 d5 29. Nd3 Bb8 30. c5 e5 31. b4 Re8 32. Nf2 h6 33. Ngh3 d4 34. Bc1 e4 35. e3 d3 36. Bd2 Rf5 37. Be1 h5+ 38. Kh4 Rf3 39. Kg5 Rg3+ 40. Kh6 Be5 41. Ng5 Bg7+ 42. Kxg6 Re6+ 43. Kf5 Re5+ 44. Kf4 Rexg5 45. Rxh2 Rg1 46. Bd2 Be5+ 47. Kxe4 Bxh2 0-1

[Event "London Classic op 7th"]
[Site "London"]
[Date "2015.12.10"]
[Round "8"]
[White "Guo, Emma"]
[Black "Rocco, Federico"]
[Result "1-0"]
[WhiteElo "2050"]
[BlackElo "1855"]
[PlyCount "54"]
[EventDate "2015.12.04"]
[EventType "swiss"]
[EventRounds "9"]
[EventCountry "ENG"]
[SourceTitle "CBM 169 Extra"]
[Source "ChessBase"]
[SourceDate "2015.12.18"]
[SourceVersion "1"]
[SourceVersionDate "2015.12.18"]
[SourceQuality "1"]

1. d4 Nf6 2. Nf3 g6 3. Bf4 Bg7 4. e3 0-0 5. h3 d6 6. Be2 c5 7. c3 Nc6 8. Nbd2 cxd4 9. exd4 Nd5 10. Bh2 e5 11. 0-0 Be6 12. c4 Nb6 13. d5 Nxd5 14. cxd5 Bxd5 15. Bc4 Bxc4 16. Nxc4 e4 17. Ne1 d5 18. Nd6 Nd4 19. Nc2 Nxc2 20. Qxc2 f5 21. Qc5 Kh8 22. Qxd5 Qd7 23. Qxb7 Qe6 24. Rac1 Rad8 25. Rc7 Bf6 26. Nf7+ Rxf7 27. Rxf7 Bxb2 1-0

[Event "London Classic op 7th"]
[Site "London"]
[Date "2015.12.09"]
[Round "7"]
[White "Kalerwa, Edwin M"]
[Black "Guo, Emma"]
[Result "0-1"]
[WhiteElo "1823"]
[BlackElo "2050"]
[PlyCount "60"]
[EventDate "2015.12.04"]
[EventType "swiss"]
[EventRounds "9"]
[EventCountry "ENG"]
[SourceTitle "CBM 169 Extra"]
[Source "ChessBase"]
[SourceDate "2015.12.18"]
[SourceVersion "1"]
[SourceVersionDate "2015.12.18"]
[SourceQuality "1"]

1. c4 g6 2. Nc3 Bg7 3. d4 c5 4. d5 d6 5. Nf3 Nf6 6. e4 0-0 7. Be2 Nbd7 8. 0-0 a6 9. Ne1 b5 10. cxb5 axb5 11. Bxb5 Ba6 12. Qe2 Bxb5 13. Nxb5 Nb6 14. Nc3 Na4 15. Qc2 Qd7 16. h3 Rfb8 17. Rb1 Nxc3 18. bxc3 Rxb1 19. Qxb1 Qa4 20. f3 Qxa2 21. Qb7 Nh5 22. Rf2 Qa1 23. Rc2 Bf6 24. g4 Nf4 25. Bxf4 Qxe1+ 26. Kg2 Ra1 27. Bh2 Qf1+ 28. Kg3 Be5+ 29. Kh4 Qe1+ 30. Kg5 h6+ 0-1

[Event "London Classic op 7th"]
[Site "London"]
[Date "2015.12.08"]
[Round "6"]
[White "Guo, Emma"]
[Black "Klingher, Dominic"]
[Result "0-1"]
[WhiteElo "2050"]
[BlackElo "1758"]
[PlyCount "112"]
[EventDate "2015.12.04"]
[EventType "swiss"]
[EventRounds "9"]
[EventCountry "ENG"]
[SourceTitle "CBM 169 Extra"]
[Source "ChessBase"]
[SourceDate "2015.12.18"]
[SourceVersion "1"]
[SourceVersionDate "2015.12.18"]
[SourceQuality "1"]

1. d4 d5 2. Nf3 Nf6 3. c4 c6 4. cxd5 cxd5 5. Nc3 Bf5 6. Bf4 Nc6 7. e3 e6 8. Be2 h6 9. 0-0 g5 10. Be5 Nxe5 11. Nxe5 Bd6 12. Qa4+ Kf8 13. Nb5 Bb8 14. Rac1 Kg7 15. Rfd1 Nd7 16. Nc7 Nb6 17. Nxf7 Kxf7 18. Bh5+ Kg7 19. Ne8+ Rxe8 20. Qxe8 Bxh2+ 21. Kh1 Qxe8 22. Bxe8 Bd6 23. Bb5 h5 24. Bd3 Bg4 25. f3 Bf5 26. e4 dxe4 27. Bxe4 Bxe4 28. fxe4 Bf4 29. Rc5 Rd8 30. g3 Bd6 31. Rc3 Rd7 32. Kg2 Na4 33. Rc2 Kg6 34. Rf2 Be5 35. Rfd2 Bg7 36. Kf3 g4+ 37. Kg2 Bh6 38. Rc2 Be3 39. d5 Nb6 40. d6 e5 41. Rc7 Rd8 42. Rxb7 Nc4 43. Re7 Bg5 44. Rd3 Bxe7 45. dxe7 Re8 46. Rd7 Nxb2 47. Rxa7 Nc4 48. Ra6+ Kg5 49. Re6 h4 50. Kf2 h3 51. Kg1 Nd2 52. a4 Nf3+ 53. Kf2 h2 54. Kg2 Rb8 55. e8Q Rb2+ 56. Kh1 Rb1+ 0-1

[Event "London Classic op 7th"]
[Site "London"]
[Date "2015.12.05"]
[Round "3"]
[White "Burbidge, Duncan R"]
[Black "Guo, Emma"]
[Result "1/2-1/2"]
[WhiteElo "1943"]
[BlackElo "2050"]
[PlyCount "124"]
[EventDate "2015.12.04"]
[EventType "swiss"]
[EventRounds "9"]
[EventCountry "ENG"]
[SourceTitle "CBM 169 Extra"]
[Source "ChessBase"]
[SourceDate "2015.12.18"]
[SourceVersion "1"]
[SourceVersionDate "2015.12.18"]
[SourceQuality "1"]

1. e4 e5 2. Nf3 Nc6 3. d4 exd4 4. Nxd4 Bc5 5. Nxc6 dxc6 6. Qxd8+ Kxd8 7. Bc4 Ke7 8. Bf4 Nf6 9. Nd2 Bb6 10. Bg5 h6 11. Bh4 g5 12. Bg3 Be6 13. Bxe6 Kxe6 14. 0-0-0 Rad8 15. f3 Nh5 16. Nc4 Rxd1+ 17. Kxd1 Rd8+ 18. Ke2 f5 19. exf5+ Kxf5 20. Be5 Nf4+ 21. Bxf4 Kxf4 22. g3+ Kf5 23. Nxb6 axb6 24. Rd1 Re8+ 25. Kf2 Re7 26. Rd4 b5 27. g4+ Kf6 28. Rd8 b6 29. Rd4 c5 30. Rd5 Ke6 31. Rd2 Kf6 32. Rd3 b4 33. Rd2 Re8 34. c3 bxc3 35. bxc3 Ra8 36. Kg3 Ra3 37. Rc2 Ke5 38. f4+ gxf4+ 39. Kf3 b5 40. Re2+ Kf6 41. Kxf4 Rxc3 42. h4 Rc4+ 43. Kf3 Rd4 44. Rg2 c4 45. Ke3 Rd3+ 46. Ke4 Rh3 47. g5+ hxg5 48. hxg5+ Kg6 49. Kd4 Rh5 50. a4 Rh4+ 51. Kc5 bxa4 52. Kb4 c3+ 53. Kxc3 Rf4 54. Kb2 Rf3 55. Rc2 Rb3+ 56. Ka2 Rb7 57. Rc5 Ra7 58. Ka3 Kh5 59. Re5 c6 60. Rc5 Ra6 61. Re5 Kg6 62. Rc5 Kh5 1/2-1/2

[Event "Oceania zt (Women)"]
[Site "Cammeray"]
[Date "2015.07.07"]
[Round "6"]
[White "Jarek, Katherine"]
[Black "Guo, Emma"]
[Result "0-1"]
[WhiteElo "1893"]
[BlackElo "2040"]
[PlyCount "112"]
[EventDate "2015.07.04"]
[EventType "swiss"]
[EventRounds "9"]
[EventCountry "AUS"]
[SourceTitle "CBM 167 Extra"]
[Source "ChessBase"]
[SourceDate "2015.09.14"]
[SourceVersion "1"]
[SourceVersionDate "2015.09.14"]
[SourceQuality "1"]

1. d4 Nf6 2. Nf3 g6 3. c4 Bg7 4. Nc3 d5 5. cxd5 Nxd5 6. e4 Nxc3 7. bxc3 c5 8. Be2 0-0 9. Bg5 Nc6 10. Qd2 cxd4 11. cxd4 Nxd4 12. Nxd4 Qxd4 13. Qxd4 Bxd4 14. Rc1 Be6 15. Bc4 Bxc4 16. Rxc4 Bf6 17. Bxf6 exf6 18. Ke2 Rfe8 19. Rd1 Re7 20. Kf3 Rae8 21. Rd6 Kg7 22. a4 h5 23. h4 Re6 24. Rd7 R8e7 25. Rxe7 Rxe7 26. Rc5 Re5 27. Rc4 a6 28. Kf4 b5 29. axb5 Rxb5 30. Rc6 Ra5 31. f3 Ra2 32. g4 hxg4 33. fxg4 a5 34. g5 fxg5+ 35. hxg5 a4 36. Ra6 a3 37. Ke5 Ra1 38. Ra8 a2 39. Ra7 Kf8 40. Ra8+ Ke7 41. Ra7+ Kd8 42. Ra8+ Kc7 43. Ra7+ Kb6 44. Ra3 Kc5 45. Ra7 Kc4 46. Ra3 Kb4 47. Ra7 Kc3 48. Rc7+ Kd3 49. Ra7 Ke3 50. Ra3+ Ke2 51. Ra7 Kf3 52. Rxf7+ Kg4 53. Rf2 Kxg5 54. Rd2 Kg4 55. Kd5 Kf4 56. e5 Ke3 0-1

[Event "Doeberl Cup 53rd"]
[Site "Canberra"]
[Date "2015.04.02"]
[Round "1"]
[White "Heberla, Bartlomiej"]
[Black "Guo, Emma"]
[Result "1-0"]
[WhiteElo "2567"]
[BlackElo "2049"]
[PlyCount "51"]
[EventDate "2015.04.02"]
[EventType "swiss"]
[EventRounds "9"]
[EventCountry "AUS"]
[SourceTitle "CBM 165 Extra"]
[Source "ChessBase"]
[SourceDate "2015.04.21"]
[SourceVersion "1"]
[SourceVersionDate "2015.04.21"]
[SourceQuality "1"]

1. c4 c5 2. Nc3 Nc6 3. Nf3 Nf6 4. e3 d6 5. d4 cxd4 6. exd4 g6 7. d5 Nb8 8. h3 Bg7 9. Be2 0-0 10. 0-0 Nbd7 11. Re1 Nc5 12. Bf1 Bd7 13. Bf4 Rc8 14. Qd2 Re8 15. Bh6 Bh8 16. Nd4 Qa5 17. Nc2 Na4 18. b4 Qc7 19. Nxa4 Bxa4 20. Nd4 b5 21. cxb5 Nxd5 22. Rac1 Qb7 23. Rxc8 Rxc8 24. Nc6 Rxc6 25. Qxd5 Rc7 26. Qxd6 1-0